000 00451nam a22001697a 4500
999 _c8765
_d8765
003 OSt
008 200710b ||||| |||| 00| 0 eng d
020 _a9789388897754
082 _a579 BHP
100 _aBhise,S. B, Mrs. M. S. Bhise, Lalit Lata Jha
245 _aPharmaceutical Microbiology
250 _a2nd
260 _aN Delhi
_bNirali Prakashan
_c2019
300 _aA.8
650 _aPharmaceutical Microbiology/ Biotech
942 _2ddc
_cBK
_011